Alley Rose- Conan Gray (Lyrics) - Statistics

General Stats
  • This quiz has been taken 45 times
  • The average score is 290 of 325
Answer Stats
Part Lyrics % Correct
a
100%
and
100%
And
100%
Verse 1 I
100%
the
100%
The
100%
you
100%
You
100%
all
95%
Alley
95%
corner
95%
do
95%
Chorus | Outro Don't
95%
don't
95%
from
95%
go
95%
go?
95%
me
95%
my
95%
Oh
95%
oh
95%
picked
95%
Rose?
95%
So
95%
so
95%
store
95%
to
95%
up
95%
where'd
95%
Your
95%
your
95%
again
91%
alone
91%
eyes
91%
fingers
91%
hangin'
91%
"just
91%
just
91%
leave
91%
lips
91%
That
91%
that
91%
way
91%
were
91%
around
86%
be
86%
care
86%
even
86%
hair
86%
hands
86%
if
86%
If
86%
I'm
86%
it
86%
much
86%
neck
86%
say
86%
subject
86%
swore
86%
told
86%
breath
82%
But
82%
cry
82%
dear"
82%
feel?
82%
fighting
82%
for
82%
hell
82%
how
82%
kissed
82%
lie
82%
love
82%
made
82%
nervous
82%
red
82%
sore
82%
think
82%
through
82%
torn
82%
you're
82%
at
77%
born
77%
desperate
77%
fast
77%
first
77%
fling
77%
insane
77%
it's
77%
knew
77%
might
77%
person
77%
pulled
77%
since
77%
summer
77%
that's
77%
thought
77%
waited
77%
Well
77%
wrapped
77%
year
77%
you'd
77%
back
73%
change
73%
ever
73%
feet
73%
flame
73%
I'd
73%
it'd
73%
I've
73%
last
73%
lies
73%
makes
73%
maybe
73%
proven
73%
ran
73%
reason
73%
seen
73%
touch
73%
was
73%
why
73%
bruisin'
68%
'Cause
68%
experimental
68%
friend
68%
God
68%
into
68%
Like
68%
only
68%
sound
68%
thanked
68%
things
68%
necks
64%
safer
64%
hot
59%
Who's
59%
Ah
32%
No matching quizzes found
Score Distribution
Percent of People with Each Score
Percentile by Number Answered
Your Score History
You have not taken this quiz